| 000 | 00634nam a2200229Ia 4500 | ||
|---|---|---|---|
| 003 | OSt | ||
| 005 | 20221007080354.0 | ||
| 006 | a|||||r|||| 00| 0 | ||
| 007 | ta | ||
| 008 | 221006b |||||||| |||| 00| 0 eng d | ||
| 024 | _a43,111 | ||
| 037 | _cTextual | ||
| 040 |
_aFLL _cFLL _beng |
||
| 041 |
_2eng _aeng |
||
| 082 | _aD65,481, Q3 | ||
| 100 | _aDuggal Pawan | ||
| 245 | 0 | _aLaw relating to ipads, tablets smartphones & smart devices | |
| 260 |
_aNew Delhi _bUniversal law publishing co. India _c2013 |
||
| 300 |
_a243 xi _ccm. |
||
| 942 |
_hD65,481, Q3 _cTEXL _2CC |
||
| 999 |
_c1159364 _d1159364 |
||